000 00600nam a2200193 a 4500
001 000009996
005 20240412074214.0
008 091002s1999 dr a r 000 p spa d
040 _aDO-SdBNP
_bspa
_cBNPHU
082 _aRD861.44
_bI73i
100 1 _aIsa Conde, Narciso,
_d1942-
_912387
245 1 0 _aInseparablemente juntos /
_cNarciso Isa Conde.
260 _aSanto Domingo :
_bTropical,
_c1999.
300 _a66 p. :
_bil. ;
_c21 cm.
590 _aInventariado, 2018/BT
650 0 _aPoesía dominicana
_966
650 0 _aLiteratura dominicana.
_967
910 _aValidado. Control de calidad. MMOLINA
999 _c9755
_d9755